Normal view
MARC view
- ADVISOR DR FAHEEM QAISAR JAMAL
Entry Personal Name
001 - CONTROL NUMBER
- control field: 69470
003 - CONTROL NUMBER IDENTIFIER
- control field: NUST
005 - DATE AND TIME OF LATEST TRANSACTION
- control field: 20210628204232.0
008 - FIXED-LENGTH DATA ELEMENTS
- fixed length control field: 210628|| aca||aabn | a|a d
040 ## - CATALOGING SOURCE
- Original cataloging agency: NUST
- Transcribing agency: NUST
100 ## - HEADING--PERSONAL NAME
- Personal name: ADVISOR DR FAHEEM QAISAR JAMAL
670 ## - SOURCE DATA FOUND
- Source citation: Work cat.: (NUST): FAHAD SALEEM 69469, TH-SOF-1552-IMPACT OF ACQUISITION ON EMPLOYEES ORGANIZATIONAL COMMITMENT, TURNOVER INTENTIONS AND INTERPERSONAL CONFLICTS, 2018
